| 000 | 00611nam a2200205Ii 4500 | ||
|---|---|---|---|
| 003 | JO-AjNU | ||
| 008 | 230606s9999||||xx |||||||||||||| ||und|| | ||
| 020 | _a977-05-2677-5 | ||
| 040 |
_aJO-AjNU _beng _erda _cJO-AjNU |
||
| 041 | _aeng | ||
| 050 | 1 | 4 | _aPE1129 2011 |
| 100 | 3 |
_aتأليف Kamel,Mahmoud, _eauthor _92517 |
|
| 245 | 0 | 0 | _aEnglish For University Students |
| 264 | 3 | 1 | _aEgypt:The Anglo-Egyptian Bookshop,2011 |
| 300 | _a227p | ||
| 336 |
_atext _btxt _2rdacontent |
||
| 337 |
_aunmediated _bn _2rdamedia |
||
| 338 |
_avolume _bnc _2rdacarrier |
||
| 650 | 4 |
_aEnglish Language-Study and Teaching _92518 |
|
| 999 |
_aE1317 _c1317 _d1317 |
||